| 000 | 00490nam a2200133Ia 4500 | ||
|---|---|---|---|
| 008 | 160809s9999 xx 000 0 und d | ||
| 100 | _aKhamis, Vivian. | ||
| 245 | _aATTENTION-DEFICIT AND HYPERACTIVITY AMONG SCHOOL-AGE UNITED ARAB EMIRATES CHILDREN | ||
| 245 | _cVivian Khamis American University of Beirut. | ||
| 260 | _bInternational Journal of Special Education | ||
| 260 | _c2011 | ||
| 650 | _xSPECIAL EDUCATION | ||
| 856 | _uhttp://www.internationaljournalofspecialed.com/issues.php | ||
| 999 |
_c300423 _d300423 |
||